| 000 | 02005nam a22002897a 4500 | ||
|---|---|---|---|
| 003 | OSt | ||
| 005 | 20250926144921.0 | ||
| 008 | 250926b |||||||| |||| 00| 0 eng d | ||
| 020 | _a9789585262867 | ||
| 037 | _bDonación | ||
| 040 |
_aCO-JMCR _bspa _cCO-JMCR _erda _dCO-JMCR |
||
| 041 | 0 | _aspa | |
| 082 | 0 | 4 |
_a759.9861 _bG21p _221 |
| 100 | 1 |
_aGaravito Silva, Gonzalo, _eautor _d1941 - _944350 |
|
| 245 | 1 | 0 |
_aPintores y pinturas de la independencia / _cGonzalo Garavito Silva |
| 260 |
_aBogotá : _bSociedad Geográfica de Colombia, |
||
| 264 | 1 | _c©2021 | |
| 300 |
_a152 páginas : _bilustraciones, mapas ; _c24 cm. |
||
| 490 | 1 |
_aExposiciones geográficas _v23 |
|
| 501 | _aCon : Prólogo | ||
| 504 | _aIncluye referencias bibliográficas: p. 143-148 | ||
| 505 | 2 | _aPrólogo -- Introducción -- Apuntes sobre conmemoraciones -- Pintura histórica del siglo XVIII y XIX -- Vientos de independencia -- Mapas con tema histórico -- Primeros representantes de la pintura con tema histórico -- Otros pintores y sus obras. | |
| 520 | 3 | _aLos grandes acontecimientos de la historia suelen ser descritos desde distintas ópticas: por sus protagonistas, por la prensa, por los cronistas, por los historiadores, por los analistas, e incluso, a veces, por los poetas, como ocurrió desde la época de Homero. También, a partir de la década de 1830, empezó a hacerse un registro fotográfico de muchos eventos, y desde finales de ese mismo siglo, el recuento fílmico. Pero desde nates de que se inventaran las técnicas y procedimientos para captar de forma instantánea una imagen fija o en movimiento, hubo artistas (pintores, escultores y hasta tejedores) que se esforzaron en plasmar sobre la piedra, la madera, el vidrio, el gobelino, el papel o el lienzo, las imágenes de los más significativos eventos y sus protagonistas. | |
| 650 | 1 | 4 |
_aPintores colombianos _ySiglo XVIII-XIX _vExposiciones. _2JMCR _944351 |
| 650 | 2 | 4 |
_aIndependencia de Colombia _vObras de arte. _2JMCR _944352 |
| 942 |
_2ddc _cBK |
||
| 999 |
_c31090 _d17474 |
||